The story of Sri Ram / (Record no. 35590)

MARC details
000 -LEADER
fixed length control field 00421nam a22001457a 4500
005 - DATE AND TIME OF LATEST TRANSACTION
control field 20171005163135.0
020 ## - INTERNATIONAL STANDARD BOOK NUMBER
International Standard Book Number 9788124801918
Terms of availability 450.00
037 ## - SOURCE OF ACQUISITION
Source of stock number/acquisition Atlantic
100 ## - MAIN ENTRY--PERSONAL NAME
Personal name Bhalla, Prem P.
245 ## - TITLE STATEMENT
Title The story of Sri Ram /
Statement of responsibility, etc by Prem P. Bhalla
260 ## - PUBLICATION, DISTRIBUTION, ETC. (IMPRINT)
Place of publication, distribution, etc New Delhi
Name of publisher, distributor, etc Peacock Books
Date of publication, distribution, etc 2009
270 ## - ADDRESS
Address 7/22, Ansari Road, Daryaganj,
City New Delhi
Postal code 110002
300 ## - PHYSICAL DESCRIPTION
Extent vi, 234p.
Dimensions 24cm(Hb)
942 ## - ADDED ENTRY ELEMENTS (KOHA)
Item type English Books
Source of classification or shelving scheme Dewey Decimal Classification
Call number suffix BHA
Holdings
Withdrawn status Lost status Not for loan Home library Current library Date acquired Cost, normal purchase price Full call number Cost, replacement price Koha item type
    Ordered Andrews Gunj Andrews Gunj 01/05/2010 450.00 BHA 450.00 English Books

© Delhi Public Library
Hit Counter
free hit counter